Solar prominences (Record no. 4723)

MARC details
000 -LEADER
fixed length control field 00511nam a2200181Ia 4500
003 - CONTROL NUMBER IDENTIFIER
control field IN-BaIIA
008 - FIXED-LENGTH DATA ELEMENTS--GENERAL INFORMATION
fixed length control field 211028s9999 xx 000 0 eng d
020 ## - INTERNATIONAL STANDARD BOOK NUMBER
International Standard Book Number 90-277-0399-X
040 ## - CATALOGING SOURCE
Transcribing agency IIA Library
080 ## - UNIVERSAL DECIMAL CLASSIFICATION NUMBER
Universal Decimal Classification number 523.984
Item number TAN
100 ## - MAIN ENTRY--PERSONAL NAME
Personal name Tandberg-Hanssen, Einar
9 (RLIN) 5892
245 #0 - TITLE STATEMENT
Title Solar prominences
Statement of responsibility, etc. Einar Tandberg-Hanssen
260 ## - PUBLICATION, DISTRIBUTION, ETC.
Place of publication, distribution, etc. Dordrecht
Name of publisher, distributor, etc. D. Reidel Publishing
Date of publication, distribution, etc. 1974
300 ## - PHYSICAL DESCRIPTION
Extent xiii, 155p.
490 ## - SERIES STATEMENT
Series statement Geophysics and astrophysics monographs; v. 12
650 ## - SUBJECT ADDED ENTRY--TOPICAL TERM
Topical term or geographic name entry element Solar physics
942 ## - ADDED ENTRY ELEMENTS (KOHA)
Koha item type Books
Holdings
Withdrawn status Lost status Damaged status Not for loan Home library Current library Shelving location Date acquired Total Checkouts Full call number Barcode Date last seen Price effective from Koha item type
        IIA Library-Bangalore IIA Library-Bangalore General Stacks 08/05/1975   523.984/ TAN 5278 05/11/2021 08/05/1975 Books

Powered by Koha